000 00516nam a2200181Ia 4500
001 8805
005 20260306160637.0
008 260306t2010||||xx |||||||||||||| ||spa||
041 _aESP
082 _a371.358
_bLL76
100 _aLlorente Cejudo, María del Carmen
_eAUT
245 0 _aFormación semipresencial apoyada en la red (Blended Learning):
_bdiseño de acciones para el aprendizaje
260 _c2010
300 _a134 páginas :
_c24 cm.
650 _aGEN
654 _aCED
942 _cLIB
_dJUS
_fJUS
_2ddc
_n
999 _c8805
_d8805